| 000 | 01225nam a2200313Ia 4500 | ||
|---|---|---|---|
| 001 | ebr10044933 | ||
| 003 | CaPaEBR | ||
| 006 | m u | ||
| 007 | cr cn||||||||| | ||
| 008 | 031216s2003 dcu gs 000 0 eng d | ||
| 020 | _z0821355031 | ||
| 040 |
_aCaPaEBR _cCaPaEBR |
||
| 035 | _a(OCoLC)54360264 | ||
| 050 | 1 | 4 |
_aHC85 _b.N37 2003eb |
| 082 | 0 | 4 |
_a303.6/4/91724 _222 |
| 245 | 0 | 0 |
_aNatural resources and violent conflict _h[electronic resource] : _boptions and actions / _cIan Bannon, Paul Collier, editors. |
| 260 |
_aWashington, D.C. : _bWorld Bank, _c2003. |
||
| 300 | _a429 p. | ||
| 533 |
_aElectronic reproduction. _bPalo Alto, Calif. : _cebrary, _d2009. _nAvailable via World Wide Web. _nAccess may be limited to ebrary affiliated libraries. |
||
| 650 | 0 |
_aCivil war _zDeveloping countries. |
|
| 650 | 0 |
_aNatural resources _zDeveloping countries. |
|
| 650 | 0 | _aSecurity, International. | |
| 651 | 0 |
_aDeveloping countries _xEconomic conditions. |
|
| 655 | 7 |
_aElectronic books. _2local |
|
| 700 | 1 | _aBannon, Ian. | |
| 700 | 1 | _aCollier, Paul. | |
| 710 | 2 | _aebrary, Inc. | |
| 856 | 4 | 0 |
_uhttp://site.ebrary.com/lib/rucke/Doc?id=10044933 _zAn electronic book accessible through the World Wide Web; click to view |
| 999 |
_c75360 _d75360 |
||